00569nam a2200121Ia 4500008004100000082002400041100001900065245010200084260005100186365000600237630010200243730010200345100415s9999 xx 000 0 und d b15509a634.9(54558) aVaralakshmi V aConstraints in the Implementation of Joint Participatory Forest Management Programme fron Haryana aNEW DELHIc1993bTATA ENERGY RESEARCH INSTIUTE b0 aConstraints in the Implementation of Joint Participatory Forest Management Programme fron Haryana aConstraints in the Implementation of Joint Participatory Forest Management Programme fron Haryana